| 000 | 00488cam a2200157 i 4500 | ||
|---|---|---|---|
| 020 | _a0521226422 | ||
| 020 | _a0521295963 (pbk.) | ||
| 050 | 0 | 0 |
_aQD476 _b.J58 |
| 100 | 1 |
_aJones, Richard A. Y. _d1936- |
|
| 245 | 1 | 0 |
_aPhysical and mechanistic organic chemistry / _cRichard A. Y. Jones. |
| 260 |
_aCambridge ; _aNew York : _bCambridge University Press, _c1979. |
||
| 300 | _ax, 357 p. : | ||
| 500 | _aIncludes index. | ||
| 650 | 0 | _bPhysical organic chemistry ,Chemical reactions | |
| 942 | _cGEN | ||
| 999 |
_c1998 _d1998 |
||